Statistics for 2022 FIFA World Cup Group Stage Match Results

Click here to take the quiz!

General Stats

  • This quiz has been taken 469 times
  • The average score is 11 of 17

Answer Stats

HintAnswer% Correct
Spain vs. Costa Rica7–0
85%
Argentina vs. Saudi Arabia1–2
81%
Germany vs. Spain1–1
75%
Iran vs. England2–6
75%
Qatar vs. Ecuador0–2
73%
Mexico vs. Poland0–0
68%
Tunisia vs. France1–0
68%
Japan vs. Germany2–1
66%
Cameroon vs. Serbia3–3
66%
Portugal vs. Ghana3–2
65%
Costa Rica vs. Germany2–4
62%
Australia vs. France1–4
61%
Denmark vs. Australia0–1
60%
Morocco vs. Belgium2–0
58%
Wales vs. England0–3
55%
Croatia vs. Canada4–1
54%
South Korea vs. Ghana2–3
44%

Score Distribution

Percentile by Number Answered

Percent of People with Each Score

Your Score History

You have not taken this quiz